000 00451nam a22001697a 4500
005 20251108164405.0
008 250721s1990 xx 000 0 ara d
082 1 4 _a232/خول
100 1 _aالخولي، محمد علي
245 1 0 _aحقيقة عيسى المسيح /
264 1 _aعمان :
_bدار الفلاح،
_c1990.
300 _a130ص.
650 1 7 _aالمسيح
650 1 7 _aالمسيحية
942 _2ddc
_cBK
999 _c10981
_d10981